[Event "Avoine op 33rd"]
[Site "Avoine"]
[Date "2018.07.22"]
[Round "2"]
[White "Renard, Emmanuel"]
[Black "Plessis, Arnaud"]
[Result "0-1"]
[WhiteElo "1802"]
[BlackElo "2073"]
[PlyCount "40"]
[EventDate "2018.07.21"]
[EventType "swiss"]
[EventRounds "9"]
[EventCountry "FRA"]
[SourceTitle "CBM 185 Extra"]
[Source "ChessBase"]
[SourceDate "2018.07.29"]
[SourceVersion "1"]
[SourceVersionDate "2018.07.29"]
[SourceQuality "1"]

1. e4 d5 2. exd5 Qxd5 3. Nf3 Bg4 4. Be2 Nc6 5. d4 e5 6. c4 Qe4 7. d5 Nb4 8. Nc3 Qf5 9. 0-0 0-0-0 10. a3 Na6 11. Nb5 Kb8 12. Nxe5 Bxe2 13. Qxe2 Bd6 14. Qe3 Qxe5 15. Qxa7+ Kc8 16. f4 Qe2 17. b4 Qxc4 18. Qa8+ Kd7 19. Nxd6 Qd4+ 20. Kh1 Rxa8 0-1

[Event "Leiden LCT op-A 11th"]
[Site "Leiden"]
[Date "2017.07.17"]
[Round "4"]
[White "Kerkvliet, Maximiliaan"]
[Black "Plessis, Arnaud"]
[Result "1-0"]
[WhiteElo "2187"]
[BlackElo "2069"]
[PlyCount "33"]
[EventDate "2017.07.14"]
[EventType "swiss"]
[EventRounds "9"]
[EventCountry "NED"]
[SourceTitle "EXT 2018"]
[Source "ChessBase"]
[SourceDate "2017.10.13"]
[SourceVersion "1"]
[SourceVersionDate "2017.10.13"]
[SourceQuality "1"]

1. d4 Nf6 2. Nf3 e6 3. c4 Bb4+ 4. Bd2 Be7 5. Nc3 0-0 6. e3 b6 7. Bd3 Bb7 8. 0-0 c5 9. Qe2 d6 10. Rad1 Nbd7 11. Bb1 Rc8 12. e4 cxd4 13. Nxd4 d5 14. cxd5 exd5 15. e5 Bc5 16. exf6 Bxd4 17. Qd3 1-0

[Event "Leiden LCT op-A 11th"]
[Site "Leiden"]
[Date "2017.07.16"]
[Round "3"]
[White "Plessis, Arnaud"]
[Black "Kristensen, Kaare Hove"]
[Result "0-1"]
[WhiteElo "2069"]
[BlackElo "2348"]
[PlyCount "112"]
[EventDate "2017.07.14"]
[EventType "swiss"]
[EventRounds "9"]
[EventCountry "NED"]
[SourceTitle "EXT 2018"]
[Source "ChessBase"]
[SourceDate "2017.10.13"]
[SourceVersion "1"]
[SourceVersionDate "2017.10.13"]
[SourceQuality "1"]

1. e4 c5 2. c4 Nc6 3. Ne2 Nf6 4. Nbc3 e6 5. d4 cxd4 6. Nxd4 Bb4 7. Nxc6 bxc6 8. Bd3 e5 9. Bd2 0-0 10. 0-0 Be7 11. Be3 d6 12. f3 Be6 13. Qd2 Nh5 14. Rfd1 Nf4 15. Bf1 h6 16. Qf2 Qa5 17. a3 Rfd8 18. Rd2 c5 19. g3 g5 20. gxf4 exf4 21. Bxc5 dxc5 22. Rxd8+ Rxd8 23. Nd5 Bxd5 24. exd5 Bf6 25. Kg2 Bd4 26. Qc2 Re8 27. Rd1 Re3 28. Rd3 Rxd3 29. Bxd3 Qe1 30. Bf1 Qe3 31. Qe2 Qg1+ 32. Kh3 Bxb2 33. d6 Bf6 34. d7 Kg7 35. a4 h5 36. Qd1 Kh6 37. Be2 Qxd1 38. Bxd1 Bd8 39. Bc2 Kg7 40. Be4 Kf6 41. Bc6 Ke5 42. Bd5 f5 43. Bf7 Kd4 44. Kg2 a5 45. Be6 Kc3 46. Bxf5 Kxc4 47. Kf2 Kb3 48. Ke2 Kxa4 49. Kd2 Kb3 50. Kc1 c4 51. h3 Kc3 52. Bg6 g4 53. fxg4 hxg4 54. hxg4 f3 55. Be4 f2 56. Bg2 Bg5+ 0-1

[Event "Cap d'Agde CCAS op"]
[Site "Cap d'Agde"]
[Date "2010.10.27"]
[Round "5"]
[White "Thomas, Anysia"]
[Black "Plessis, Arnaud"]
[Result "1-0"]
[WhiteElo "1660"]
[BlackElo "1762"]
[PlyCount "47"]
[EventDate "2010.10.23"]
[EventType "swiss"]
[EventRounds "7"]
[EventCountry "FRA"]
[SourceTitle "EXT 2012"]
[Source "ChessBase"]
[SourceDate "2011.11.24"]
[SourceVersion "1"]
[SourceVersionDate "2011.11.24"]
[SourceQuality "1"]

1. d4 d5 2. c4 c6 3. Nc3 e6 4. Nf3 dxc4 5. e4 b5 6. Bd2 a5 7. a4 Bb4 8. Be2 Bb7 9. 0-0 Nd7 10. axb5 Bxc3 11. bxc6 Bxc6 12. bxc3 Nb6 13. e5 Ne7 14. Bg5 h6 15. Bh4 g5 16. Bg3 Ned5 17. Qc2 Qd7 18. Nd2 Ba4 19. Qc1 Rc8 20. Ne4 0-0 21. f4 f5 22. exf6 Nxf6 23. Nc5 Qe8 24. fxg5 1-0